|
|
|
|
| LEADER |
00000nam0a2200000 4500 |
| 001 |
62946 |
| 005 |
20231101212032.0 |
| 010 |
|
|
|a 5741800084
|
| 035 |
|
|
|a (RuTPU)RU\TPU\book\66767
|
| 090 |
|
|
|a 62946
|
| 100 |
|
|
|a 20040423d2002 m y0rusy50 ca
|
| 101 |
0 |
|
|a rus
|
| 102 |
|
|
|a RU
|
| 105 |
|
|
|a a j 001zy
|
| 200 |
1 |
|
|a Системы контроля геомеханических процессов
|e учебное пособие
|f А. С. Вознесенский
|
| 205 |
|
|
|a 2-е изд., стер.
|
| 210 |
|
|
|a Москва
|c Изд-во Московского гос. горного ун-та
|d 2002
|
| 215 |
|
|
|a 146 с.
|c ил.
|
| 225 |
1 |
|
|a Высшее горное образование
|
| 320 |
|
|
|a Библиогр.: с. 144-146.
|
| 606 |
1 |
|
|a Геомеханика глубинная
|2 stltpush
|3 (RuTPU)RU\TPU\subj\6195
|9 34132
|
| 610 |
1 |
|
|a горное дело
|
| 610 |
1 |
|
|a геомеханические процессы
|
| 610 |
1 |
|
|a контроль
|
| 610 |
1 |
|
|a информационные основы
|
| 610 |
1 |
|
|a структурные схемы
|
| 610 |
1 |
|
|a деформационные процессы
|
| 610 |
1 |
|
|a сейсмические системы
|
| 610 |
1 |
|
|a сейсмоакустические системы
|
| 610 |
1 |
|
|a акустоэмиссионные системы
|
| 610 |
1 |
|
|a системы контроля
|
| 610 |
1 |
|
|a показания
|
| 610 |
1 |
|
|a беспроводная передача
|
| 610 |
1 |
|
|a многопараметровый контроль
|
| 610 |
1 |
|
|a горные породы
|
| 610 |
1 |
|
|a лабораторные испытания
|
| 610 |
1 |
|
|a измерительные системы
|
| 610 |
1 |
|
|a учебные пособия
|
| 675 |
|
|
|a 622.831
|v 3
|
| 700 |
|
1 |
|a Вознесенский
|b А. С.
|g Александр Сергеевич
|
| 801 |
|
1 |
|a RU
|b 63413507
|c 20040423
|g PSBO
|
| 801 |
|
2 |
|a RU
|b 63413507
|c 20140908
|g PSBO
|
| 900 |
|
|
|a Горная механика
|
| 900 |
|
|
|a Горное дело
|
| 942 |
|
|
|c BK
|
| 951 |
|
|
|a 550600
|b 070600
|